000 00644cam a2200229 4500500
005 20260329004241.0
041 _afre
042 _adc
100 1 0 _aPortevin, Catherine
_eauthor
245 0 0 _aÂmes. Histoire de la souffrance, I
260 _c2019.
500 _a81
690 _aÂme
690 _aChair
690 _aCorps
690 _aFresque
690 _aGrand récit
690 _aSouffrance
690 _aTristan Garcia
786 0 _nPhilosophie magazine | 127 | 3 | 2019-03-01 | p. 43-43 | 1951-1787
856 4 1 _uhttps://shs.cairn.info/magazine-philosophie-magazine-2019-3-page-43?lang=fr&redirect-ssocas=7080
999 _c1832159
_d1832159